| 000 | 01288nam a2200325 4500 | ||
|---|---|---|---|
| 001 | 73248 | ||
| 003 | BD-RjUL | ||
| 005 | 20211209082352.0 | ||
| 008 | 170529s1973 enka b 001 0 eng d | ||
| 020 | _a0444104534 (American Elsevier) | ||
| 020 | _a0720441102 | ||
| 020 | _a0720441080 | ||
| 035 | _a(BD-RjUL)73466 | ||
| 040 |
_aDLC _cDLC _dDLC _dBD-RjUL _beng |
||
| 041 | _aeng | ||
| 082 | 0 | 0 |
_a612.405 _223 _bPEP 1973 |
| 100 | 1 |
_aBerson, Solomon A., _d1918-1972. _9216667 |
|
| 245 | 0 | 0 |
_aPeptide hormones / _cEdited by Solomon A. Berson and Rosalyn S. Yalow. |
| 260 |
_aAmsterdam : _bNorth Holland Pub. Co.; _aNew York : _bAmerican Elsevier Pub. Co., _c1973. |
||
| 300 |
_a v. : _bill. ; _c25 cm. |
||
| 504 | _aIncludes bibliographies and Indexes. | ||
| 505 | 0 | _aPt. 1 General methodology-- Pt. 2 Pituitary hormones and hypothalamic releasing factors.-- Pt. 3 Non-pituitary hormones-- | |
| 650 | 0 |
_ahormones. _9216668 |
|
| 650 | 0 |
_aPeptide hormones. _9216668 |
|
| 650 | 0 |
_aHormone therapy. _9216669 |
|
| 700 | 1 |
_aYalow, Rosalyn S. _q(Rosalyn Sussman), _d1921-2011, _ejoint author. _9216670 |
|
| 830 |
_aMethods in investigative and diagnostic endocrinology _vv. 2A-B _9216045 |
||
| 942 |
_2ddc _cBK |
||
| 999 |
_c73248 _d73248 |
||